[Event "2.BLS 0506 Bad Mergentheim - SK Viernhe"]
[Site "?"]
[Date "2005.11.13"]
[Round "2.5"]
[White "Schmidt, Stefan"]
[Black "Gasthofer, Viktor"]
[Result "0-1"]
[WhiteElo "2234"]
[BlackElo "2330"]
[PlyCount "110"]
[EventDate "2005.??.??"]

1. e4 e6 2. d4 d5 3. e5 c5 4. c3 Qb6 5. Nf3 Nc6 6. a3 a5 7. Bd3 Bd7 8. Bc2 a4
9. O-O Qb5 10. Nbd2 Nge7 11. Re1 Nc8 12. Ng5 Be7 13. Nxh7 g6 14. Nf6+ Bxf6 15.
exf6 cxd4 {(=)} 16. Nf3 dxc3 17. bxc3 Qc4 18. h3 Nd6 19. Rb1 Rh5 20. Bd3 Qxc3
21. Bb2 Qa5 22. Be5 Ne4 23. Bxe4 dxe4 24. Rxb7 Qd5 25. Qxd5 exd5 26. Bd6 Rf5
27. Bc5 O-O-O 28. Reb1 Rxf6 29. Ng5 Be8 30. Nh7 Rf5 31. g4 Rf3 32. Ng5 Rc3 33.
Be7 Rd7 34. Rxd7 Kxd7 35. Bf6 Rxa3 36. h4 Rb3 37. Rd1 Rd3 38. Ra1 a3 39. h5
gxh5 40. gxh5 Ne7 41. Rb1 Ng8 42. Bg7 f6 43. h6 Nxh6 44. Bxf6 Nf5 45. Rb8 Bh5
46. Ra8 Kc6 47. Ra5 Bf3 48. Kh2 Rd2 49. Rxa3 Rxf2+ 50. Kh3 Bg2+ 51. Kh2 e3 52.
Kg1 Rd2 53. Ne6 Bf3 54. Rxe3 Rg2+ 55. Kh1 Ng3# 0-1

[Event "2.BLS 0506 Bad Mergentheim - SK Viernhe"]
[Site "?"]
[Date "2005.11.13"]
[Round "2.6"]
[White "Bogdanovich, Grigory"]
[Black "Spiegel, Stefan Dr"]
[Result "1-0"]
[WhiteElo "2349"]
[BlackElo "2240"]
[PlyCount "58"]
[EventDate "2005.??.??"]

1. d4 Nf6 2. Nf3 e6 3. e3 b6 4. Nbd2 Bb7 5. Bd3 c5 6. O-O Be7 7. Re1 cxd4 8.
exd4 O-O 9. Nf1 d6 10. Ng3 Nbd7 11. Qe2 Re8 12. Bg5 Qc7 13. c3 Bf8 14. Rad1
Rac8 15. Bb1 g6 16. Qd2 e5 17. Nh4 e4 18. Bh6 Qd8 19. Bxf8 Nxf8 20. Nf1 Nh5 21.
g3 f5 22. Qh6 Qf6 23. Bc2 f4 24. Ng2 e3 25. Bb3+ Kh8 26. fxe3 fxg3 27. hxg3 Qf3
28. Rd2 Nxg3 29. Rf2 Nf5 1-0

[Event "2.BLS 0506 Bad Mergentheim - SK Viernhe"]
[Site "?"]
[Date "2005.11.13"]
[Round "2.7"]
[White "Birnbaum, Detlev"]
[Black "Schmidt-Schaeffer, Sebastian"]
[Result "0-1"]
[WhiteElo "2162"]
[BlackElo "2325"]
[PlyCount "60"]
[EventDate "2005.??.??"]

1. d4 f5 2. c4 Nf6 3. Nf3 g6 4. g3 Bg7 5. Bg2 O-O 6. O-O d6 7. b3 c6 8. Bb2 a5
9. Nc3 Na6 10. Re1 Ne4 11. a3 Qb6 12. Qc2 e5 13. e3 Nxc3 14. Bxc3 e4 15. Nd2
Be6 16. Rab1 Qd8 17. b4 axb4 18. axb4 Nc7 19. Bf1 Qd7 20. b5 cxb5 21. cxb5 Rfc8
22. Bc4 Nd5 23. Qb3 Rxc4 24. Nxc4 Nxc3 25. Qxc3 Rc8 26. Nb6 Rxc3 27. Nxd7 Bxd7
28. Rec1 Rxc1+ 29. Rxc1 Bxb5 30. Rc8+ Bf8 0-1

[Event "2.BLS 0506 Heidelberg HSH - Stuttgarter"]
[Site "?"]
[Date "2005.11.13"]
[Round "2.1"]
[White "Berezovsky, Igor"]
[Black "Ikonnikov, Viacheslav"]
[Result "1/2-1/2"]
[WhiteElo "2433"]
[BlackElo "2566"]
[PlyCount "128"]
[EventDate "2005.??.??"]

1. d4 Nf6 2. c4 e6 3. Nc3 Bb4 4. a3 Bxc3+ 5. bxc3 c5 6. e3 Qa5 7. Qc2 Nc6 8.
Bd2 d6 9. Ne2 Qc7 10. Ng3 b6 11. Bd3 Na5 12. O-O Ba6 13. e4 h5 14. Rfe1 O-O-O
15. Bg5 h4 16. Nf1 h3 17. g3 Rdg8 18. Ne3 Nd7 19. g4 Nf8 20. Bf4 g5 21. Bg3 Ng6
22. Bf1 Nf4 23. Rab1 Kb8 24. Qd1 Qe7 25. Qd2 Rd8 26. f3 Ka8 27. Rb2 Rc8 28. d5
Rhd8 29. Reb1 Rb8 30. Rd1 Qf6 31. Rbb1 Rd7 32. Qc2 Rbd8 33. Rd2 Qh8 34. Rbd1
Qe5 35. Kh1 Qf6 36. Kg1 Bb7 37. Rb1 Ba6 38. Rbd1 Kb8 39. Rb1 Ka8 40. Rbd1 Qg7
41. Kh1 Bb7 42. Qb2 Qf6 43. Rf2 Rh8 44. Kg1 Bc8 45. Qc2 Rdd8 46. Re1 Bd7 47.
Rd2 e5 48. Rb1 Rb8 49. Qd1 Ng6 50. Bd3 Nh4 51. Rf2 Qd8 52. Rfb2 Qe8 53. Kf2 Ba4
54. Qf1 Ng6 55. Nf5 Qd7 56. Qe2 Ne7 57. Ne3 f6 58. Bc2 Rb7 59. Qd1 Bxc2 60.
Qxc2 Rhb8 61. Kf1 a6 62. a4 Ka7 63. Ra2 Rh8 64. Qe2 Qe8 1/2-1/2

[Event "2.BLS 0506 Heidelberg HSH - Stuttgarter"]
[Site "?"]
[Date "2005.11.13"]
[Round "2.2"]
[White "Schwalfenberg, Joerg"]
[Black "Benkovic, Petar"]
[Result "1-0"]
[WhiteElo "2335"]
[BlackElo "2433"]
[PlyCount "77"]
[EventDate "2005.??.??"]

1. Nf3 c5 2. c4 Nf6 3. Nc3 e6 4. g3 b6 5. Bg2 Bb7 6. O-O Be7 7. d4 cxd4 8. Qxd4
d6 9. b3 a6 10. Ba3 Nc6 11. Qf4 Qb8 12. Rfd1 d5 13. Bxe7 Nxe7 14. Ne5 O-O 15.
cxd5 Nexd5 16. Nxd5 Bxd5 17. e4 Bb7 18. Rac1 Rd8 19. Rxd8+ Qxd8 20. Nxf7 Kxf7
21. Rc7+ Kg6 22. Rxb7 Qd1+ 23. Bf1 Rc8 24. h4 h6 25. h5+ Nxh5 26. Qf7+ Kh7 27.
Qxe6 Rc5 28. e5 Nxg3 29. fxg3 Qd4+ 30. Kh2 Rc2+ 31. Kh3 Qe4 32. Rf7 Qh1+ 33.
Kg4 Qe4+ 34. Rf4 h5+ 35. Kg5 Qe3 36. Qg6+ Kg8 37. Qe8+ Kh7 38. Qxh5+ Kg8 39.
Qe8+ 1-0

[Event "2.BLS 0506 Heidelberg HSH - Stuttgarter"]
[Site "?"]
[Date "2005.11.13"]
[Round "2.3"]
[White "Vuckovic, Aleksandar"]
[Black "Roos, Jean-Luc"]
[Result "1/2-1/2"]
[WhiteElo "2365"]
[BlackElo "2294"]
[PlyCount "36"]
[EventDate "2005.??.??"]

1. e4 e6 2. d4 d5 3. Nd2 Nf6 4. e5 Nfd7 5. Bd3 c5 6. c3 Nc6 7. Ne2 Qb6 8. Nf3
cxd4 9. cxd4 f6 10. exf6 Nxf6 11. O-O Bd6 12. Nc3 O-O 13. Bg5 Bd7 14. Re1 Kh8
15. Na4 Qa5 16. Nc3 Qb6 17. Na4 Qa5 18. Nc3 Qb6 1/2-1/2

[Event "2.BLS 0506 Heidelberg HSH - Stuttgarter"]
[Site "?"]
[Date "2005.11.13"]
[Round "2.4"]
[White "Postojev, Alexander"]
[Black "Vujic, Branimir"]
[Result "1/2-1/2"]
[WhiteElo "2256"]
[BlackElo "2357"]
[PlyCount "123"]
[EventDate "2005.??.??"]

1. Nf3 d5 2. d4 Nf6 3. g3 e6 4. Bg2 Be7 5. O-O O-O 6. c4 dxc4 7. Ne5 Nc6 8.
Bxc6 bxc6 9. Nxc6 Qe8 10. Nxe7+ Qxe7 11. b3 Rd8 12. bxc4 Qd7 13. Na3 c5 14. Bg5
cxd4 15. e4 e5 16. Qd3 Qc6 17. f3 Ba6 18. Rab1 Rdc8 19. Bxf6 Qxf6 20. Rb3 Qe6
21. Rc1 Rc5 22. Kg2 Rac8 23. Rb4 g6 24. Rc2 Kg7 25. Qb3 R8c7 26. Qd3 h5 27. Qb3
R7c6 28. Qd3 Bc8 29. Nb1 a5 30. Ra4 Qh3+ 31. Kg1 h4 32. Rg2 Ba6 33. Na3 Qc8 34.
Rc2 Rb6 35. Qd2 Qd8 36. Kg2 d3 37. Rc3 Rd6 38. Nb1 Rd4 39. gxh4 Rcxc4 40. Rcxc4
Bxc4 41. h5 gxh5 42. Rxa5 f6 43. Ra4 h4 44. Nc3 Qc8 45. Nd1 h3+ 46. Kg3 Qg8 47.
Ne3 Be6 48. Ra7+ Kh8+ 49. Ng4 Qg5 50. Qxg5 fxg5 51. Nf2 Bd7 52. Ra5 Kg7 53.
Rxe5 Kf6 54. f4 gxf4+ 55. Kxf4 d2 56. Rd5 Rxd5 57. exd5 Ba4 58. Kg3 d1=Q 59.
Nxd1 Bxd1 60. Kxh3 Kf5 61. Kg3 Ke5 62. d6 1/2-1/2

[Event "2.BLS 0506 Heidelberg HSH - Stuttgarter"]
[Site "?"]
[Date "2005.11.13"]
[Round "2.5"]
[White "Reuss, Andreas"]
[Black "Nippgen, Georg"]
[Result "1-0"]
[WhiteElo "2339"]
[BlackElo "2258"]
[PlyCount "73"]
[EventDate "2005.??.??"]

1. c4 Nf6 2. Nc3 e6 3. d4 Bb4 4. Bd2 O-O 5. e3 d6 6. Bd3 e5 7. Nge2 c6 8. O-O
Re8 9. Qc2 Nbd7 10. Ng3 Nf8 11. a3 Ba5 12. b4 Bc7 13. d5 Bd7 14. Qb3 Rc8 15. a4
Ng6 16. a5 Rb8 17. h3 Nh4 18. f3 h6 19. Kh2 cxd5 20. cxd5 b6 21. a6 b5 22. Qd1
Rf8 23. Qe2 Qe8 24. Rfc1 Bd8 25. Qf2 Nh7 26. e4 Bb6 27. Be3 f5 28. Bxb6 Rxb6
29. Nxf5 Nxf5 30. exf5 Bxf5 31. Bxf5 Rxf5 32. Ne4 Qa8 33. Rc6 Rxc6 34. dxc6 d5
35. Nd6 Rf8 36. c7 Qc6 37. Qc5 1-0

[Event "2.BLS 0506 Heidelberg HSH - Stuttgarter"]
[Site "?"]
[Date "2005.11.13"]
[Round "2.6"]
[White "Neunhoeffer, Helmut Dr"]
[Black "Heinatz, Thomas"]
[Result "1-0"]
[WhiteElo "2308"]
[BlackElo "2295"]
[PlyCount "53"]
[EventDate "2005.??.??"]

1. d4 Nf6 2. c4 g6 3. Nc3 d5 4. Nf3 Bg7 5. Qb3 dxc4 6. Qxc4 O-O 7. e4 Nc6 8.
Be2 Nd7 9. Be3 Nb6 10. Qc5 Nd7 11. Qg5 e5 12. Qxd8 Rxd8 13. O-O-O exd4 14. Nxd4
Nxd4 15. Bxd4 Bh6+ 16. Kb1 c6 17. h4 Nf8 18. h5 Bg5 19. hxg6 h6 20. g3 Be6 21.
f4 Be7 22. f5 Nd7 23. Rxh6 Ne5 24. Rh8+ Kxh8 25. Bxe5+ Kg8 26. Rh1 Kf8 27. Rh8#
1-0

[Event "2.BLS 0506 Heidelberg HSH - Stuttgarter"]
[Site "?"]
[Date "2005.11.13"]
[Round "2.7"]
[White "Lorscheid, Gerhard"]
[Black "Kindsvogel, Robert"]
[Result "1/2-1/2"]
[WhiteElo "2262"]
[BlackElo "2299"]
[PlyCount "39"]
[EventDate "2005.??.??"]

1. d4 e6 2. c4 f5 3. g3 Nf6 4. Bg2 d5 5. Nh3 c6 6. Qc2 Be7 7. O-O O-O 8. Bf4
Qe8 9. Nd2 Qh5 10. f3 h6 11. Nf2 g5 12. Bxb8 Rxb8 13. e4 Bd7 14. Rae1 Rbe8 15.
exf5 exf5 16. Nd3 Bd6 17. Ne5 Bc8 18. h3 Re7 19. Re2 Qe8 20. Rfe1 1/2-1/2

[Event "2.BLS 0506 Heidelberg HSH - Stuttgarter"]
[Site "?"]
[Date "2005.11.13"]
[Round "2.8"]
[White "Richter, Georg"]
[Black "Fritsch, Rolf"]
[Result "1-0"]
[WhiteElo "2243"]
[BlackElo "2220"]
[PlyCount "59"]
[EventDate "2005.??.??"]

1. e4 g6 2. d4 Bg7 3. Nf3 d6 4. Bc4 c6 5. Nc3 Nf6 6. Qe2 O-O 7. Bg5 d5 8. exd5
cxd5 9. Bb3 e6 10. O-O-O Nc6 11. Qe3 h6 12. Bh4 g5 13. Bg3 Nh5 14. Ne5 Nxg3 15.
hxg3 Nxe5 16. dxe5 f6 17. Nxd5 fxe5 18. Nc3 Qe7 19. Ne4 b6 20. Rd6 Re8 21. Rhd1
Kh8 22. c3 Rb8 23. Qd3 a6 24. Bc2 Kg8 25. Kb1 b5 26. Nc5 Bf8 27. Nxe6 b4 28.
Nxf8 Kxf8 29. Qg6 Qg7 30. Rf6+ 1-0

[Event "2.BLS 0506 Karlsruher SF - SC HP Böblin"]
[Site "?"]
[Date "2005.11.13"]
[Round "2.1"]
[White "Dausch, Rene"]
[Black "Gerstner, Wolfgang"]
[Result "1/2-1/2"]
[WhiteElo "2387"]
[BlackElo "2407"]
[PlyCount "81"]
[EventDate "2005.??.??"]

1. d4 Nf6 2. Nf3 d5 3. Bf4 c5 4. c3 cxd4 5. Bxb8 Rxb8 6. Qxd4 a6 7. Nbd2 g6 8.
e4 dxe4 9. Qxd8+ Kxd8 10. Ng5 Ke8 11. Bc4 e6 12. O-O Bd7 13. Ndxe4 Nxe4 14.
Nxe4 Bc6 15. Rfe1 Rd8 16. f3 Ke7 17. Rad1 Bh6 18. Kf2 Bf4 19. h3 h5 20. Ke2 Be5
21. Rxd8 Rxd8 22. Rd1 Rxd1 23. Kxd1 a5 24. Ke2 f5 25. Nc5 b6 26. Nb3 g5 27. Nd4
Bxd4 28. cxd4 g4 29. hxg4 fxg4 30. fxg4 h4 31. Kd2 Bxg2 32. Ke3 Bd5 33. b3 a4
34. Kf4 axb3 35. axb3 Kf6 36. g5+ Kg6 37. Bd3+ Kh5 38. Be2+ Kg6 39. Bd3+ Kh5
40. Be2+ Kg6 41. Bd3+ 1/2-1/2

[Event "2.BLS 0506 Karlsruher SF - SC HP Böblin"]
[Site "?"]
[Date "2005.11.13"]
[Round "2.2"]
[White "Karst, Elmar"]
[Black "Gheng, Josef"]
[Result "1-0"]
[WhiteElo "2317"]
[BlackElo "2341"]
[PlyCount "99"]
[EventDate "2005.??.??"]

1. d4 b5 2. e4 Bb7 3. f3 a6 4. Nh3 e6 5. Be3 Nf6 6. Qd2 Qc8 7. Bd3 c5 8. c3 d6
9. a4 cxd4 10. cxd4 b4 11. O-O d5 12. e5 Nfd7 13. g4 Nc6 14. Qe2 h5 15. Nf4
hxg4 16. fxg4 Be7 17. Nh5 Kf8 18. Nd2 Kg8 19. Rac1 Qe8 20. Rf2 g6 21. Nf4 Rc8
22. Nb3 Nb6 23. Rcf1 Nc4 24. Bc1 N4a5 25. Nxa5 Nxa5 26. Bb1 Nc6 27. Qd3 Rh4 28.
h3 Nxd4 29. Qxd4 Bc5 30. Qd3 Bxf2+ 31. Kxf2 d4 32. Kg3 Rh7 33. Bd2 Qe7 34. Nh5
Kh8 35. Nf6 Rg7 36. g5 Qc5 37. Qe2 Rd8 38. Rf4 Rgg8 39. Bd3 Kg7 40. Nxg8 Kxg8
41. Rf2 a5 42. h4 Bc6 43. h5 gxh5 44. Rh2 Bxa4 45. Bf4 Kf8 46. Qxh5 Ke7 47. g6
Kd7 48. g7 Bb5 49. Qxf7+ Kc8 50. Rh8 1-0

[Event "2.BLS 0506 Karlsruher SF - SC HP Böblin"]
[Site "?"]
[Date "2005.11.13"]
[Round "2.3"]
[White "Bauer, Peter"]
[Black "Arnold, Lothar"]
[Result "1-0"]
[WhiteElo "2295"]
[BlackElo "2348"]
[PlyCount "59"]
[EventDate "2005.??.??"]

1. e4 c5 2. Nc3 Nc6 3. Nf3 e5 4. Bc4 Be7 5. O-O Nf6 6. d3 d6 7. Ng5 O-O 8. f4
exf4 9. Rxf4 Ne5 10. Bb3 h6 11. Nh3 Bg4 12. Qf1 Qd7 13. Rf2 Be6 14. Nf4 Bxb3
15. axb3 Nfg4 16. Re2 f5 17. h3 Nf6 18. exf5 Qxf5 19. Bd2 Qd7 20. Qe1 Rf7 21.
Qg3 Bf8 22. Ncd5 Nxd5 23. Nxd5 Qe6 24. c4 Qf5 25. Re3 g6 26. b4 Bg7 27. bxc5
dxc5 28. Bc3 Nc6 29. Rf3 Qg5 30. Rxf7 1-0

[Event "2.BLS 0506 Karlsruher SF - SC HP Böblin"]
[Site "?"]
[Date "2005.11.13"]
[Round "2.4"]
[White "Werner, Clemens"]
[Black "Ortmann, David"]
[Result "0-1"]
[WhiteElo "2282"]
[BlackElo "2294"]
[PlyCount "99"]
[EventDate "2005.??.??"]

1. e4 e6 2. d4 d5 3. Nc3 Bb4 4. Nge2 dxe4 5. a3 Be7 6. Nxe4 Nf6 7. Qd3 O-O 8.
g3 Nxe4 9. Qxe4 Bd7 10. Qd3 c5 11. Bg2 Bc6 12. O-O Bxg2 13. Kxg2 Nc6 14. Be3
Qd5+ 15. f3 cxd4 16. Bxd4 Rfd8 17. Rad1 Nxd4 18. Qxd4 Qb5 19. Qe4 Qxb2 20. Rb1
Qxa3 21. Ra1 Qc5 22. Rfb1 b6 23. Ra6 Qd5 24. Qxd5 Rxd5 25. c3 Bc5 26. Kf1 g6
27. Nd4 Bxd4 28. cxd4 Rxd4 29. Rbxb6 axb6 30. Rxa8+ Kg7 31. Ke2 Rb4 32. h4 Kf6
33. Ra7 h5 34. Rb7 b5 35. Ke3 Rb1 36. Kf4 Rb4+ 37. Ke3 e5 38. Ke2 Rb3 39. Kf2
b4 40. Rb5 Rb1 41. Rb7 b3 42. Rb6+ Ke7 43. Kg2 b2 44. Rb5 Kd6 45. Rb6+ Kc5 46.
Rb8 f5 47. Rb7 e4 48. fxe4 fxe4 49. Rc7+ Kb6 50. Rc3 0-1

[Event "2.BLS 0506 Karlsruher SF - SC HP Böblin"]
[Site "?"]
[Date "2005.11.13"]
[Round "2.5"]
[White "Kabisch, Thilo"]
[Black "Bach, Edwin"]
[Result "1/2-1/2"]
[WhiteElo "2330"]
[BlackElo "2296"]
[PlyCount "93"]
[EventDate "2005.??.??"]

1. e4 c6 2. d4 d5 3. exd5 cxd5 4. c4 Nf6 5. Nc3 e6 6. Nf3 dxc4 7. Bxc4 Bb4 8.
O-O O-O 9. Bg5 Bxc3 10. bxc3 Nbd7 11. Qe2 Qc7 12. Rac1 b6 13. Rfd1 Bb7 14. Bd3
Rfe8 15. Bb1 Rac8 16. c4 h6 17. Bh4 Qf4 18. Bg3 Bxf3 19. Qxf3 Qxf3 20. gxf3 Rc6
21. Bd3 Nh5 22. Be4 Nxg3 23. Bxc6 Ne2+ 24. Kf1 Nxc1 25. Rxc1 Rd8 26. c5 Nf6 27.
Rc4 Rc8 28. Be4 Nxe4 29. fxe4 e5 30. dxe5 bxc5 31. Ke2 Kf8 32. Kd3 Ke7 33. Ra4
Rd8+ 34. Kc3 g5 35. Ra6 Rd4 36. Rxa7+ Ke6 37. f3 g4 38. Ra6+ Kxe5 39. fxg4 Rxe4
40. Rc6 Kd5 {(=)} 41. Rxh6 Rxg4 42. Rh5+ Kc6 43. h3 Rf4 44. Rh8 Kb5 45. Rb8+
Kc6 46. Rh8 Kb5 47. Rb8+ 1/2-1/2

[Event "2.BLS 0506 Karlsruher SF - SC HP Böblin"]
[Site "?"]
[Date "2005.11.13"]
[Round "2.6"]
[White "Duschek, Volker"]
[Black "Tuncer, Ufuk"]
[Result "0-1"]
[WhiteElo "2287"]
[BlackElo "2295"]
[PlyCount "90"]
[EventDate "2005.??.??"]

1. e4 c5 2. Nf3 d6 3. d4 cxd4 4. Nxd4 Nf6 5. Nc3 g6 6. Be3 Bg7 7. f3 O-O 8. Qd2
Nc6 9. Bc4 Bd7 10. O-O-O Ne5 11. Bb3 Qa5 12. h4 Rfc8 13. Kb1 b5 14. Ncxb5 Qxd2
15. Bxd2 Rab8 16. Nc3 a5 17. a4 Nc4 18. Bc1 Be8 19. Ndb5 Nb6 20. Be3 Nfd7 21.
h5 Nc5 22. hxg6 hxg6 23. Bd4 Nbxa4 24. Nxa4 Nxb3 25. cxb3 Rxb5 26. Bxg7 Kxg7
27. Rd3 Rcb8 28. Rc1 R8b7 29. Rc4 Bd7 30. Kc2 Be6 31. Rcc3 Kf6 32. Re3 Rb4 33.
g3 Bd7 34. f4 Bxa4 35. bxa4 Rxb2+ 36. Kd3 Ra2 37. e5+ dxe5 38. fxe5+ Ke6 39.
Re4 Rb4 40. Rxb4 axb4 41. Rc5 Rxa4 42. Kc4 Ra3 43. Kxb4 Rxg3 44. Kc4 Rg1 45.
Kd4 Re1 0-1

[Event "2.BLS 0506 Karlsruher SF - SC HP Böblin"]
[Site "?"]
[Date "2005.11.13"]
[Round "2.7"]
[White "Heinl, Thomas"]
[Black "Preiss, Martin"]
[Result "0-1"]
[WhiteElo "2248"]
[BlackElo "2296"]
[PlyCount "168"]
[EventDate "2005.??.??"]

1. e4 d6 2. d4 Nf6 3. Nc3 g6 4. Nf3 Bg7 5. Be2 O-O 6. O-O c6 7. a4 Nbd7 8. h3
e5 9. dxe5 dxe5 10. Qd6 Re8 11. Rd1 Bf8 12. Qd3 Qc7 13. Be3 Nc5 14. Bxc5 Bxc5
15. Nd2 Be6 16. Qg3 Rad8 17. Nf3 Nh5 18. Qxe5 Qb6 19. Rf1 Bd6 20. Qg5 Qxb2 21.
Qe3 Bb4 22. g4 Qxc3 23. gxh5 Bxh3 24. Rfd1 Qxe3 25. fxe3 a5 26. hxg6 hxg6 27.
Bd3 Bc8 28. Rf1 Kg7 29. Kf2 Rh8 30. Rh1 Bc3 31. Rxh8 Rxh8 32. Rg1 Rh5 33. Rb1
Kf6 34. Rb3 Bb4 35. Rb1 Ke7 36. Bc4 Rc5 37. Bd3 b5 38. axb5 cxb5 39. Nd4 Bd7
40. Kf3 Kd6 41. Rb3 Kc7 42. c3 Bxc3 43. Nxb5+ Bxb5 44. Bxb5 Kd6 45. Be8 Ke7 46.
Ba4 Bb4 47. Rd3 Rc7 48. Rd5 {(=)} Kf6 49. Rb5 Rc3 50. Rb7 Bc5 51. Bc6 Bxe3 52.
Bd5 Bb6+ 53. Kg4 Bc7 54. e5+ Kxe5 55. Bxf7 Kf6 56. Be8 Rg3+ 57. Kh4 g5+ 58. Kh5
Rh3+ 59. Kg4 Rh4+ 60. Kf3 Rc4 61. Bd7 Ke7 62. Bb5 g4+ 63. Ke3 Rc1 64. Be2 g3
65. Kf3 Rc3+ 66. Kg2 Rc2 67. Kg1 a4 68. Ra7 a3 69. Bd3 Rc3 70. Be4 Kf6 71. Ra4
Ke5 72. Bh7 Bb6+ 73. Kg2 Bd4 74. Ra5+ Bc5 75. Ra4 Kd5 76. Be4+ Ke6 77. Bf3 Bd6
78. Be4 Re3 79. Bf3 Rb3 80. Ra5 Rb2+ 81. Kg1 Bb4 82. Bg4+ Kd6 83. Ra6+ Ke5 84.
Bh3 a2 0-1

[Event "2.BLS 0506 Karlsruher SF - SC HP Böblin"]
[Site "?"]
[Date "2005.11.13"]
[Round "2.8"]
[White "Pfrommer, Christoph"]
[Black "Born, Mario"]
[Result "0-1"]
[WhiteElo "2252"]
[BlackElo "2189"]
[PlyCount "104"]
[EventDate "2005.??.??"]

1. e4 c6 2. d4 d5 3. Nc3 dxe4 4. Nxe4 Nf6 5. Nxf6+ gxf6 6. c3 Bf5 7. Nf3 Qc7 8.
Bc4 e6 9. Nh4 Bg6 10. Qf3 Nd7 11. Qh3 Bg7 12. O-O Nb6 13. Bb3 a5 14. a4 Rd8 15.
Nf3 Nd5 16. Re1 Qb6 17. Bc4 O-O 18. Bf1 Ne7 19. Nh4 Rd5 20. Nxg6 hxg6 21. Qf3
Rh5 22. g3 f5 23. Bg2 Nd5 24. Qe2 Bf6 25. Bf3 Rh7 26. Kg2 Kg7 27. h4 Qd8 28.
Bxd5 Qxd5+ 29. Qf3 Qb3 30. Bf4 Rfh8 31. Be5 Bxe5 32. dxe5 g5 33. hxg5 Rh2+ 34.
Kg1 Qxb2 35. Rf1 Qd2 36. Rfd1 Rh1+ 37. Qxh1 Rxh1+ 38. Kxh1 Qxf2 39. g6 Kxg6 40.
Rd8 Qf3+ 41. Kh2 Qxc3 42. Rad1 Qxe5 43. R1d7 Qe2+ 44. Kg1 b5 45. axb5 cxb5 46.
Rf8 a4 47. Rfxf7 a3 48. g4 Qxg4+ 49. Kh2 Qe2+ 50. Kg3 a2 51. Rg7+ Kf6 52. Kf4
Qf2# 0-1

[Event "2.BLS 0506 OSC Baden Baden - SG Turm Tr"]
[Site "?"]
[Date "2005.11.13"]
[Round "2.1"]
[White "Kotronias, Vasilios"]
[Black "Schenk, Andreas"]
[Result "1-0"]
[WhiteElo "2626"]
[BlackElo "2497"]
[PlyCount "85"]
[EventDate "2005.??.??"]

1. e4 c5 2. Nf3 d6 3. d4 cxd4 4. Nxd4 Nf6 5. Nc3 a6 6. Bg5 e6 7. f4 Qb6 8. Qd2
Nc6 9. Nb3 Ng4 10. Nd1 h6 11. Bh4 g5 12. Be2 Nf6 13. Bf2 Qb4 14. Nc3 Nxe4 15.
Nxe4 Qxe4 16. O-O gxf4 17. Bf3 Qc4 18. Rae1 Ne5 19. Bh4 Ng6 20. Bh5 Rg8 21.
Bxg6 Rxg6 22. Rxf4 Qc7 23. Ref1 f5 24. Qe2 Kf7 25. Rc4 Qb6+ 26. Kh1 Bd7 27. Rg4
Qb5 28. c4 Qe5 29. Re4 Qg7 30. Nd4 e5 31. Nxf5 Bxf5 32. Rxf5+ Kg8 33. Qd2 Re8
34. h3 Ree6 35. Qd5 Kh7 36. Re1 Be7 37. Ref1 Kh8 38. Bxe7 Qxe7 39. Qf3 Rg7 40.
Rf8+ Kh7 41. Qe4+ Reg6 42. h4 h5 43. R1f5 1-0

[Event "2.BLS 0506 OSC Baden Baden - SG Turm Tr"]
[Site "?"]
[Date "2005.11.13"]
[Round "2.2"]
[White "Kachiani-Gersinska, Ketino"]
[Black "Jaracz, Pawel"]
[Result "1/2-1/2"]
[WhiteElo "2421"]
[BlackElo "2492"]
[PlyCount "50"]
[EventDate "2005.??.??"]

1. d4 Nf6 2. c4 e6 3. g3 Bb4+ 4. Bd2 Be7 5. Bg2 d5 6. Nf3 c6 7. Qc2 O-O 8. O-O
b6 9. Bf4 Bb7 10. Rd1 Nbd7 11. Nc3 Re8 12. Ne5 Nh5 13. Qa4 a6 14. Nxd7 b5 15.
Qc2 Qxd7 16. c5 a5 17. Qd2 Nxf4 18. gxf4 f5 19. Kh1 Kh8 20. Rg1 Rg8 21. e3 g6
22. Ne2 Qc7 23. Nc1 Bf6 24. Nd3 Rg7 25. Bf3 Rag8 1/2-1/2

[Event "2.BLS 0506 OSC Baden Baden - SG Turm Tr"]
[Site "?"]
[Date "2005.11.13"]
[Round "2.3"]
[White "Flumbort, Andras"]
[Black "Netzer, Jean"]
[Result "1-0"]
[WhiteElo "2448"]
[BlackElo "2362"]
[PlyCount "93"]
[EventDate "2005.??.??"]

1. d4 f5 2. c4 Nf6 3. g3 d6 4. Nf3 g6 5. Bg2 Bg7 6. Nc3 O-O 7. O-O Qe8 8. d5 a5
9. Ne1 Na6 10. Nd3 Rb8 11. Rb1 Bd7 12. b3 c6 13. e4 fxe4 14. Nxe4 Nxe4 15. Bxe4
b5 16. Bd2 b4 17. Qe2 cxd5 18. Bxd5+ Kh8 19. Rfe1 Nc7 20. Bg2 Bf6 21. Bh6 Rg8
22. Be3 Bc6 23. f4 Qd7 24. g4 Rge8 25. Rbd1 Bxg2 26. Qxg2 Qc8 27. Nf2 Qb7 28.
Qxb7 Rxb7 29. Ne4 Bg7 30. f5 gxf5 31. gxf5 Rbb8 32. Bf4 Rbc8 33. Bg3 Be5 34.
Bxe5+ dxe5 35. Rd7 Rg8+ 36. Kf2 Rg4 37. Ke3 Rg7 38. Red1 Kg8 39. f6 exf6 40.
Nxf6+ Kf8 41. Nxh7+ Kg8 42. Nf6+ Kf8 43. Ke4 Rg2 44. R1d2 Rg1 45. Rh7 Re1+ 46.
Kf3 Ne6 47. Rdd7 1-0

[Event "2.BLS 0506 OSC Baden Baden - SG Turm Tr"]
[Site "?"]
[Date "2005.11.13"]
[Round "2.5"]
[White "Galyas, Miklos"]
[Black "Nill, Jessica"]
[Result "1-0"]
[WhiteElo "2424"]
[BlackElo "2339"]
[PlyCount "57"]
[EventDate "2005.??.??"]

1. d4 d5 2. c4 c6 3. Nf3 Nf6 4. e3 a6 5. Bd3 b5 6. b3 Bg4 7. Nbd2 e6 8. O-O
Nbd7 9. Bb2 bxc4 10. bxc4 dxc4 11. Bxc4 c5 12. Qa4 cxd4 13. Bxd4 Be7 14. Ne5
O-O 15. Nxg4 Nxg4 16. Be2 Ngf6 17. Bf3 Rb8 18. Qxa6 e5 19. Ba7 Rb4 20. Nb3 e4
21. Be2 Qa8 22. Bd4 Ra4 23. Qxa8 Rfxa8 24. Rfc1 Nf8 25. Rc2 Nd5 26. Nc5 Bxc5
27. Rxc5 Nb4 28. Bc4 Nxa2 29. Rc7 1-0

[Event "2.BLS 0506 OSC Baden Baden - SG Turm Tr"]
[Site "?"]
[Date "2005.11.13"]
[Round "2.6"]
[White "Reefschlaeger, Helmut"]
[Black "Cioara, Andrei Nestor"]
[Result "1/2-1/2"]
[WhiteElo "2314"]
[BlackElo "2436"]
[PlyCount "31"]
[EventDate "2005.??.??"]

1. d4 e6 2. g3 c5 3. Nf3 b6 4. Bg2 Bb7 5. O-O cxd4 6. Nxd4 Bxg2 7. Kxg2 Nf6 8.
c4 Qc8 9. b3 Nc6 10. Bb2 Nxd4 11. Qxd4 Qb7+ 12. Kg1 Be7 13. Nc3 O-O 14. Nb5 d5
15. cxd5 Qxd5 16. Qxd5 {(=)} 1/2-1/2

[Event "2.BLS 0506 OSC Baden Baden - SG Turm Tr"]
[Site "?"]
[Date "2005.11.13"]
[Round "2.7"]
[White "Kolbus, Dietmar"]
[Black "Borulya, Ekaterina"]
[Result "1/2-1/2"]
[WhiteElo "2413"]
[BlackElo "2286"]
[PlyCount "85"]
[EventDate "2005.??.??"]

1. c4 c5 2. Nc3 g6 3. g3 Bg7 4. Bg2 d6 5. e3 Nc6 6. Nge2 e5 7. Nd5 Nge7 8. Nec3
Be6 9. b3 Rb8 10. O-O O-O 11. Bb2 a6 12. d3 b5 13. Qd2 Qd7 14. Rfe1 b4 15.
Nxe7+ Nxe7 16. Ne4 h6 17. f4 f5 18. Nf2 Nc6 19. d4 exd4 20. Bxc6 Qxc6 21. exd4
Bf7 22. d5 Qd7 23. Bxg7 Kxg7 24. Qb2+ Kh7 25. Re3 Rbe8 26. Rae1 Qd8 27. a3 a5
28. axb4 axb4 29. Kg2 Rxe3 30. Rxe3 Re8 31. Rxe8 Bxe8 32. Qe2 Bf7 33. h4 Qf6
34. Qd3 Qb2 35. Kf3 Kg7 36. Nd1 Qc1 37. Ne3 Qe1 38. Qc2 Qa1 39. Kf2 Qd4 40. Ke2
Qa1 41. Kf2 Qd4 42. Ke2 Qa1 43. Kf2 1/2-1/2

[Event "2.BLS 0506 OSC Baden Baden - SG Turm Tr"]
[Site "?"]
[Date "2005.11.13"]
[Round "2.8"]
[White "Tammert, Iamze"]
[Black "Niklasch, Oliver"]
[Result "1/2-1/2"]
[WhiteElo "2270"]
[BlackElo "2405"]
[PlyCount "56"]
[EventDate "2005.??.??"]

1. c4 Nf6 2. Nc3 c5 3. g3 e6 4. Nf3 b6 5. Bg2 Bb7 6. O-O d6 7. d4 cxd4 8. Nxd4
Bxg2 9. Kxg2 Qc7 10. b3 Qb7+ 11. f3 a6 12. e4 Be7 13. Be3 O-O 14. Qd2 Re8 15.
Rfd1 Nbd7 16. Rac1 Rac8 17. Qf2 Bf8 18. g4 g6 19. Nde2 b5 20. cxb5 axb5 21. g5
Nh5 22. b4 d5 23. a3 dxe4 24. Nxe4 Rxc1 25. Bxc1 Rc8 26. Be3 Rc2 27. Rd2 Rxd2
28. Bxd2 Bg7 {(=)} 1/2-1/2

[Event "2.BLS 0506 SG Turm Trier - Karlsruher S"]
[Site "?"]
[Date "2005.11.27"]
[Round "3.1"]
[White "Gerstner, Wolfgang"]
[Black "Jaracz, Pawel"]
[Result "1/2-1/2"]
[WhiteElo "2407"]
[BlackElo "2492"]
[PlyCount "42"]
[EventDate "2005.??.??"]

1. d4 Nf6 2. Bg5 e6 3. e4 h6 4. Bxf6 Qxf6 5. c3 d6 6. Bd3 e5 7. Ne2 Qd8 8. O-O
Be7 9. f4 O-O 10. Nd2 c5 11. fxe5 dxe5 12. d5 Nd7 13. a4 Qc7 14. Kh1 Nf6 15.
Nc4 Ne8 16. Ng3 Bd7 17. Qh5 Bg5 18. Nf5 Bxf5 19. Rxf5 Nd6 20. Nxd6 Qxd6 21. Rf2
g6 1/2-1/2